The Swiss Family Robinson

Đã lưu trong:
书目详细资料
主要作者: Wyss, Johann
格式: 图书
语言:Undetermined
出版: London Pearson Education 2000
主题:
标签: 添加标签
没有标签, 成为第一个标记此记录!
Thư viện lưu trữ: Trung tâm Học liệu Trường Đại học Cần Thơ
LEADER 00561nam a2200205Ia 4500
001 CTU_103180
008 210402s9999 xx 000 0 und d
020 |c 4.76 
082 |a 891.62 
082 |b W995 
100 |a Wyss, Johann 
245 4 |a The Swiss Family Robinson 
245 0 |c Johann Wyss; Madeleine du Vivier retold 
260 |a London 
260 |b Pearson Education 
260 |c 2000 
650 |a Family life,Survival,Islands 
650 |x Fiction,Fiction,Fiction 
904 |i Truc 
980 |a Trung tâm Học liệu Trường Đại học Cần Thơ